| 000 | 01015nam a2200313 a 4500 | ||
|---|---|---|---|
| 999 |
_c2082 _d2082 |
||
| 005 | 20200221100758.0 | ||
| 008 | 140304b2000 ck a gr|||| 00| 0 spa d | ||
| 040 |
_aCO-BoIAVH _cCO-BoIAVH |
||
| 041 | _aspa | ||
| 044 | _ack | ||
| 082 | 4 |
_a333.9522 _bR43g |
|
| 100 | 1 |
_aRestrepo Llano, Juan Camilo _914484 |
|
| 245 | 1 | _aGuía para decomisos de especies y productos de fauna silvestre colombiana | |
| 260 |
_aMedellín _bCORANTIOQUIA _c2000 |
||
| 300 |
_a40 paginas.: _bilustraciones; _c21 x 14 cm |
||
| 650 | 4 |
_aDecomiso de especies _914485 |
|
| 650 | 4 |
_aGuías técnicas _94190 |
|
| 650 | 4 |
_aTráfico de especies _96276 |
|
| 650 |
_aFauna silvestre _9102768 |
||
| 650 |
_aProductos derivados de la biodiversidad _93497 |
||
| 650 |
_aLegislación _9102769 |
||
| 650 |
_aReubicación de especies _914488 |
||
| 650 |
_aCITES _92790 |
||
| 650 |
_aEspecies amenazadas _9102770 |
||
| 650 |
_aTransporte de especies _99726 |
||
| 662 | _aColombia | ||
| 700 | 1 |
_aBodhert Rivera, Yocasta _914490 |
|
| 942 |
_cLIBRO _2z |
||